|
|
|
|
| LEADER |
00960pam a2200241 i 4500 |
| 001 |
2104634 |
| 003 |
GR-PaULI |
| 005 |
20210117210858.0 |
| 008 |
960119s1996 orua g bk 001 0 eng d |
| 952 |
|
|
|0 0
|1 0
|2 ddc
|4 0
|6 782_100000000000000_HOL
|7 0
|9 231479
|a THST
|b THST
|d 2019-04-12
|i 003611
|l 0
|o 782.1 HOL
|p 025000117002
|r 2019-04-12 00:00:00
|t 1
|v 2019.00
|w 2019-04-12
|y BK15
|
| 999 |
|
|
|c 140623
|d 140623
|
| 010 |
|
|
|a 96001829
|
| 020 |
|
|
|a 157467014X
|
| 040 |
|
|
|a DLC
|c DLC
|d DLC
|d GR-PaULI
|b gre
|e AACR2
|
| 082 |
0 |
0 |
|a 782.1
|2 23
|
| 100 |
1 |
|
|a Holman, J. K.
|e συγγραφέας
|
| 245 |
1 |
0 |
|a Wagner's Ring :
|b a listener's companion & concordance /
|c J.K. Holman.
|
| 260 |
|
|
|a Portland, Or. :
|b Amadeus Press,
|c c1996.
|
| 300 |
|
|
|a 440 σ. :
|b εικ. ;
|c 24 εκ.
|
| 504 |
|
|
|a Περιλαμβάνει βιβλιογραφία, δισκογραφία και ευρετήριο.
|
| 600 |
1 |
4 |
|a Wagner, Richard,
|d 1813-1883
|9 6873
|
| 942 |
|
|
|2 ddc
|c BK15
|
| 998 |
|
|
|c ΜΑΝΙΑ
|d 2019-04
|